| 000 | 00994nam a2200193Ii 4500 | ||
|---|---|---|---|
| 003 | JO-AjNU | ||
| 008 | 230605s9999||||xx |||||||||||||| ||und|| | ||
| 040 |
_aJO-AjNU _bara _erda _cJO-AjNU |
||
| 041 | _aara | ||
| 050 | 1 | 4 | _aHG4551 2007 |
| 100 | 3 |
_aكلية الشريعة والقانون، جامعة الامارات العربية المتحدة, _eauthor _946405 |
|
| 245 | 0 | 0 | _aبحوث المؤتمر العلمي السنوي الخامس عشر: مؤتمر أسواق الأوراق المالية والبورصات: آفاق وتحديات 16-18 صفر 1428 الموافق 6-87 مارس 2007 غرفة صناعة وتجارة دبي، الجزء الخامس |
| 264 | 3 | 1 | _aالامارات العربية المتحدة: جامعة الامارات، 2007 |
| 300 | _aج5، 1863-2425ص | ||
| 336 |
_atext _btxt _2rdacontent |
||
| 337 |
_aunmediated _bn _2rdamedia |
||
| 338 |
_avolume _bnc _2rdacarrier |
||
| 650 | 4 |
_aأسواق المال - البورصات - مؤتمرات _946406 |
|
| 999 |
_aA20185 _c23753 _d23753 |
||